Principles of multivariate analysis : a user's perspective /

Guardado en:
Autor Principal: Krzanowski, W. J.
Formato: Libro
Idioma:English
Publicado: Oxford : Clarendon Press, 1990, c1988.
Edición:[1st pub. in pbk. with corr.].
Series:Oxford statistical science series ; 3
Etiquetas: Agregar Etiqueta
Sin Etiquetas, Sea el primero en etiquetar este registro!
LEADER 00654nam a2200181 a 4500
001 MAT.inmabb001670
008 030523t19901988enk######b####001#0#eng#d
005 20130323192533.0
245 1 0 |a Principles of multivariate analysis :  |b a user's perspective /  |c W. J. Krzanowski. 
250 |a [1st pub. in pbk. with corr.]. 
260 |a Oxford :  |b Clarendon Press,  |c 1990, c1988. 
300 |a xxi, 563 p. :  |b il. ;  |c 23 cm. 
440 0 |a Oxford statistical science series ;  |v 3 
504 |a Bibliografía: p. 544-557. 
020 |a 0198522304 
100 1 |a Krzanowski, W. J. 
084 |a 62-01 (62H10 62H15 62H20 62H25 62H30)  |2 msc2000 
859 |h 62  |i K94  |p A-8071  |b BIB. MATEMATICA